000 00735nam a2200217Ii 4500
003 JO-AjNU
008 230605s9999||||xx |||||||||||||| ||und||
020 _a978-9957-76-557-6
040 _aJO-AjNU
_bara
_erda
_cJO-AjNU
041 _aara
050 1 4 _aDS97.3 H373 2019
100 3 _aحسن، غسان حاكم ,
_eauthor
_960756
245 0 0 _aالحكم الفاطمي لبلاد الشام (358-468)هـ (968-1075)م
250 _aط1
264 3 1 _aعمان: دار الرضوان للنشر والتوزيع، 2019
300 _a463ص
336 _atext
_btxt
_2rdacontent
337 _aunmediated
_bn
_2rdamedia
338 _avolume
_bnc
_2rdacarrier
650 4 _a الحكم الفاطمي - تاريخ - 968-1075م
_960757
999 _aA27418
_c30986
_d30986